000
00280nam a2200097Ia 4500
082
_a
mpl-13
245
0
_a
Body talk : looking at biological evidence
100
_a
BURNSCOTT, Leela South Yarra, 2009
_9
92105
942
_c
BK
008
210817s9999 xx 000 0 und d
999
_c
390189
_d
390187